000 00278nam a2200121 i 4500
001 bg
245 0 _aRocznik statystyczny gospodarki morskiej 1970.
260 _aWarszawa,
_c1970.
040 _cBPK
041 _apol
942 _cKS
008 s pl f |000 0 pol
999 _c12926
_d12926
856 _uhttp://koha.tu.koszalin.pl/cgi-bin/koha/opac-detail.pl?biblionumber=12926
_yKatalog online BPK